000 01001nam a2200241Ia 4500
999 _c50568
_d50568
001 17518
003 GE_BSU
005 20221114105602.0
008 181216s2013 xx |||||||||||||| ||rus||
020 _a9781107628809x
040 _cGE_BSU
041 _arus
080 _a811.111(075.8) S-81
100 _aStanley, Graham.
_97074
245 _aLanguage learning with technology : ideas for integrating technology in the language classroom /
_cGraham Stanley ; editor . Scott Thornbury.
264 _aCambridge ; New York :
_bCambridge University Press,
_c2013.
300 _axi, 250 pages :
_bllustrations ;
_c25 cm.
440 _aCambridge Handbooks for teachers
_97076
653 _aLanguage and languages--Computer-assisted instruction. Language and languages--Study and teaching--Technological innovations. Educational technology--Social aspects.
653 _aინგლისური ენა
700 _aThornbury, Scott
_eრედაქტორი
_97075
942 _cBK
_2udc